000 01071nam0a22002891 4500
001 rc\2138221
005 20250623025557.0
035 _a(NLR Aleph) 006537198
090 _a6597502
_c6597502
100 _a20110826d1978 |||y0rusy50 ca
101 0 _arus
102 _aRU
105 _ay z |||||
200 1 _aПовышение эффективности производства на предприятиях молочной промышленности
210 _aМосква
_cПищевая пром-сть
_d1978
215 _a143 с.
_d20
320 _aБиблиогр.: с. 141-142 (18 назв.)
606 _aМолочные продукты
_xПроизводство
_xЭкономическая эффективность
_2psbo
686 _aУ9(2)306.751.353.1-07,0
_2rubbk
700 1 _aЖедь
_bА.А.
_gАлександр Александрович
801 0 _aRU
_bNLR
_gpsbo
801 1 _aRU
_bELAR
_2rusmarc
852 _aNLR
_j79-3/482
899 _aRuMoRGB
_jБ 78-25/1498
899 _aRuMoRGB
_jБ 78-25/1499
942 _cBOOK
980 _aNB